00473nam a2200157Ia 4500003000900000008004100009020001800050040001600068080001800084110003300102245009900135260002600234300001000260650002600270650001900296IN-BaIIA211028s9999 xx 000 0 eng d a0-586-08095-3 cIIA Library a03:621bPAL-1 aBibliographisches Institut  0aHow things worksbvol. 1, the universal encyclopedia of machinescBibliographisches Institut  aLondonbGranadac1982 a590p. aMachines Encyclopedia aNASA Thesaurus